Statistics for Washington Dulles International Airport Quiz 2020

Click here to take the quiz!

General Stats

  • This quiz has been taken 237 times
    (174 since last reset)
  • The average score is 10 of 15

Answer Stats

QuestionAnswer% Correct
What is the ICAO code of IAD?KIAD
96%
IAD is a hub for which airline?United
88%
Which YouTuber is creating a model airport on Dulles?Aviation18
84%
Who is the Airport named after?John Foster Dulles
82%
What was IAD's original name?Dulles International Airport
70%
What year did IAD open?1962
67%
What happened on June 13th 1979?An Air France Concorde's tires blew out
67%
How many acres does Dulles cover?12,000
62%
How many runways does Dulles have?8
60%
How many passengers does Dulles accommodate daily?60,000
56%
What is special about Dulles?It was the first US airport to be designed for commercial jets
54%
How many airlines fly to Dulles in 2020?43
50%
How many gates does Dulles have?139
46%
How far is IAD from the center of DC?20 miles/ 32km
46%
Approximately, how many passengers travelled through IAD in 2018?24 million
27%

Score Distribution

Percentile by Number Answered

Percent of People with Each Score

Your Score History

You have not taken this quiz since the last reset